000 00648nam a2200229Ia 4500
001 9278
003 GE_BSU
008 181216s||||||||xx |||||||||||||| ||und||
040 _cGE_BSU
080 _a821.353.1-11
100 _aკაშმაძე,შალვა
245 _aორი შეხვედრა
245 _bპოემა
245 _cრედ:ნ.მალაზონია
260 _aბათუმი.
260 _bაჭარის სახელგამი
260 _c1940
300 _a63გვ;14სმ.
653 _aორი შეხვედრა
653 _aპოემა
942 _cBK
999 _c42577
_d42577